Name that Dorm. (Marshall U. Style) Quiz Stats

 Plays Quiz not verified by Sporcle

Score 0/7 Timer 03:00
0 Plays Today
Hinty Hint Hint Hint Dorm % Correct
15 Floors of BrickTwin Towers West
96.6%
15 Floors of BrickTwin Towers East
93.1%
All FemaleBuskirk Hall
89.7%
Recently Built Freshman South
86.2%
Single RoomsHolderby Hall
86.2%
Recently BuiltFreshman North
82.8%
Not actually on CampusMarshall Commons
75.9%

You're not logged in!

Compare scores with friends on all Sporcle quizzes.
OR
Log In

Show Comments

Extras

Created Oct 22, 2010ReportNominate
Tags:dorm, marshall, style

Top Quizzes Today


Score Distribution

Your Account Isn't Verified!

In order to create a playlist on Sporcle, you need to verify the email address you used during registration. Go to your Sporcle Settings to finish the process.

Report this User

Report this user for behavior that violates our Community Guidelines.

Details: